[Event "LSS RN-2009-0-00178"]
[Site "LSS email"]
[Date "2009.02.05"]
[Round "?"]
[White "Fetisov, Ilja"]
[Black "Rodrigues, Eduardo Hercos"]
[Result "1-0"]
[WhiteElo "800"]
[BlackElo "918"]
[PlyCount "79"]
[EventDate "2009.01.18"]
[EventType "tourn (corr)"]
[EventRounds "6"]
[EventCountry "GER"]
[SourceTitle "Corr 2011"]
[Source "ChessBase"]
[SourceDate "2010.08.31"]
[SourceVersion "1"]
[SourceVersionDate "2010.08.31"]
[SourceQuality "1"]

1. e4 c5 2. d4 cxd4 3. c3 dxc3 4. Nxc3 Nc6 5. Nf3 d6 6. Bc4 e6 7. 0-0 Nf6 8. Qe2 Be7 9. Rd1 e5 10. h3 0-0 11. Be3 Be6 12. Rac1 Rc8 13. Bxe6 fxe6 14. b4 a6 15. b5 axb5 16. Qxb5 Qd7 17. Na4 Nd4 18. Nxd4 exd4 19. Qxd7 Nxd7 20. Bxd4 Rxc1 21. Rxc1 Ra8 22. Nc3 Nb8 23. Rb1 Nc6 24. Rxb7 Nxd4 25. Rxe7 Rc8 26. Na4 Ra8 27. Nb6 Rxa2 28. Rd7 Nb5 29. Nc4 Ra6 30. f3 Rc6 31. Na5 Ra6 32. Nb7 Kf8 33. Kh2 Rb6 34. Kg3 Rc6 35. h4 Rb6 36. Kf4 Rc6 37. h5 h6 38. g4 Kg8 39. Nd8 Nd4 40. Nxc6 1-0